000
00324nam a2200157Ia 4500
100
_a
Mahapragya/Acharya
650
_a
General
942
_c
BK
366
_f
17.5
245
_a
The family and nation
260
_b
Harper collins
_c
2008
082
_a
320.11/MAH
_b
MAH
300
_a
213
546
_a
ENGLISH
999
_c
20118
_d
20118